[Event "OP-2010-0-01310"]
[Site "LSS email"]
[Date "2010.11.09"]
[Round "?"]
[White "Sobol, Yaroslav"]
[Black "Savic, Milan"]
[Result "0-1"]
[WhiteElo "800"]
[BlackElo "1748"]
[PlyCount "56"]
[EventDate "2010.11.04"]
[EventType "tourn (corr)"]
[EventRounds "4"]
[EventCountry "GER"]
[SourceTitle "Telechess CBM 145"]
[Source "Chessbase"]
[SourceDate "2011.11.11"]
[SourceVersion "1"]
[SourceVersionDate "2011.11.11"]
[SourceQuality "1"]

1. e4 e5 2. Nf3 Nc6 3. Bb5 a6 4. Ba4 Nf6 5. 0-0 Be7 6. Re1 b5 7. Bb3 0-0 8. h3 Bb7 9. d3 d6 10. a3 Na5 11. Ba2 c5 12. Nbd2 Bc8 13. c3 Be6 14. Bxe6 fxe6 15. b4 Nc6 16. Qb3 Qd7 17. bxc5 dxc5 18. a4 Rab8 19. axb5 axb5 20. Ng5 c4 21. dxc4 b4 22. c5 bxc3 23. Qxc3 Qd4 24. Qxd4 Nxd4 25. c6 Nc2 26. c7 Rb7 27. Nxe6 Rc8 28. Nf3 Nxa1 0-1

[Event "LSS OP-2007-0-00359"]
[Site "LSS email"]
[Date "2007.09.03"]
[Round "?"]
[White "Sobol, Yaroslav"]
[Black "Gyongyosi, Peter Laszlo"]
[Result "0-1"]
[WhiteElo "800"]
[BlackElo "914"]
[PlyCount "22"]
[EventDate "2007.09.01"]
[EventType "tourn (corr)"]
[EventRounds "4"]
[EventCountry "GER"]
[SourceTitle "Corr 2015"]
[Source "ChessBase"]
[SourceDate "2015.07.17"]
[SourceVersion "1"]
[SourceVersionDate "2015.07.17"]
[SourceQuality "1"]

1. e4 d5 2. exd5 Qxd5 3. Nc3 Qa5 4. d4 c6 5. Bc4 Nf6 6. Bd2 Qd8 7. Nf3 g6 8. 0-0 Bg7 9. Re1 0-0 10. Qe2 e6 11. Bg5 Nbd7 0-1